Państwa ze szczytami leżącymi powyżej 7000 metrów n.p.m. - Statystyki

Ogólne statystyki
  • Ten quiz został rozwiązany 787 razy
  • Średni wynik to 7 z 9
Statystyki odpowiedzi
Wysokość szczytu (n.p.m.) Nazwa szczytu Państwo % Poprawnych
8848 m Mount Everest Chiny
99%
8848 m Mount Everest Nepal
97%
8586 m Kanczendzonga Indie
93%
8611 m K2 Pakistan
88%
7570 m Gangkhar Puensum Bhutan
83%
7492 m Noszak Afganistan
75%
7495 m Szczyt Ismaila Samaniego Tadżykistan
71%
7439 m Szczyt Zwycięstwa Kirgistan
70%
7010 m Chan Tengri Kazachstan
67%
Nie znaleziono quizów pasujących do podanych kryteriów
Rozkład punktacji
Procent ludzi z każdym wynikiem
Percentyl według liczby udzielonych odpowiedzi
Twoja historia wyników
Nie rozwiązałeś tego quizu